শহীদুল্লাহ্ সংবর্ধনা গ্রন্থ / (Record no. 38209)
[ view plain ]
| 000 -LEADER | |
|---|---|
| fixed length control field | 01600nam a2200265 a 4500 |
| 001 - CONTROL NUMBER | |
| control field | 38209 |
| 003 - CONTROL NUMBER IDENTIFIER | |
| rucl marc code | BD-RjUL |
| 005 - DATE AND TIME OF LATEST TRANSACTION | |
| control field | 20211209052741.0 |
| 008 - FIXED-LENGTH DATA ELEMENTS--GENERAL INFORMATION | |
| fixed length control field | 160721s1967 bg a|||| |||| 00| 0 ben d |
| 020 ## - INTERNATIONAL STANDARD BOOK NUMBER | |
| Terms of availability | : PRs.30.00 |
| 035 ## - SYSTEM CONTROL NUMBER | |
| System control number | (BD-RjUL)38314 |
| 040 ## - CATALOGING SOURCE | |
| Original cataloging agency | BD-RjUL |
| Language of cataloging | ben |
| Transcribing agency | BD-RjUL |
| Modifying agency | BD-RjUL |
| 041 ## - LANGUAGE CODE | |
| Language code of text/sound track or separate title | ben |
| 082 ## - DEWEY DECIMAL CLASSIFICATION NUMBER | |
| Edition number | 23 |
| Classification number | 891.44092 |
| Author mark and year | SHA 1967 |
| 245 00 - TITLE STATEMENT | |
| Title | শহীদুল্লাহ্ সংবর্ধনা গ্রন্থ / |
| Statement of responsibility, etc. | মুহম্মদ সফিয়্যুল্লাহ্ সম্পাদিত |
| 260 ## - PUBLICATION, DISTRIBUTION, ETC. (IMPRINT) | |
| Place of publication, distribution, etc. | ঢাকা : |
| Name of publisher, distributor, etc. | রেনেসাঁস প্রিন্টার্স, |
| Date of publication, distribution, etc. | ১৯৬৭ |
| 300 ## - PHYSICAL DESCRIPTION | |
| Pagination | বিভিন্ন পৃ. : |
| Illustrations | চিত্র ; |
| Size | ২৪ সেমি. |
| 500 ## - GENERAL NOTE | |
| General note | "পাকিস্তান সরকারের শিক্ষামন্ত্রী জনা কাজী আনওয়ারুল হকের সভাপতিত্বে পাকিস্তান লেখক সংঘ, ঢাকা আয়োজিত সংবর্ধনা সভায় ৩০ শে মার্চ, ১৯৬৭ এই পুস্তক উপহার দেওয়া হয় ।" |
| 600 ## - SUBJECT ADDED ENTRY--PERSONAL NAME | |
| Personal name | শহীদুল্লাহ্, মুহম্মদ |
| General subdivision | জীবনী |
| Personal name | Shahidullah, Muhammad |
| General subdivision | Biography |
| 650 ## - SUBJECT ADDED ENTRY--TOPICAL TERM | |
| Topical term or geographic name as entry element | বাংলা সাহিত্য |
| 9 (RLIN) | 146860 |
| General subdivision | জীবনী |
| Topical term or geographic name as entry element | Bengali Literature |
| Form subdivision | Biography |
| 9 (RLIN) | 236264 |
| 700 ## - ADDED ENTRY--PERSONAL NAME | |
| Personal name | সফিয়্যুল্লাহ্, মুহম্মদ, সম্পাদক |
| 942 ## - ADDED ENTRY ELEMENTS (KOHA) | |
| Source of classification or shelving scheme | Dewey Decimal Classification |
| Koha item type | Books |
| Lost status | Source of classification or shelving scheme | Damaged status | Not for loan | Collection code | Permanent Location | Current Location | Shelving location | Date acquired | Source of acquisition | Cost, normal purchase price | Total Checkouts | Total Renewals | Full call number | Date last seen | Date checked out | Copy number | Koha item type |
|---|---|---|---|---|---|---|---|---|---|---|---|---|---|---|---|---|---|
| Dewey Decimal Classification | Non-fiction | Central Library, University of Rajshahi | Central Library, University of Rajshahi | 19/07/1967 | Prantik, Rajshahi. | 30.00 | 6 | B 928.9144 SHS 1967 | 23/05/2022 | 22/05/2022 | C-2 | Books | |||||
| Dewey Decimal Classification | Fiction | Central Library, University of Rajshahi | Central Library, University of Rajshahi | 19/07/1967 | Prantik, Rajshahi | 30.00 | 1 | B 891.44092 SHA 1967 | 26/08/2019 | 14/07/2019 | C-3 | Books | |||||
| Dewey Decimal Classification | Not For Loan | Fiction | Central Library, University of Rajshahi | Central Library, University of Rajshahi | Reading Room | 19/07/1967 | 30.00 | B 891.44092 SHA 1967 | 10/12/2019 | C-1 | Books | ||||||
| Dewey Decimal Classification | Fiction | Central Library, University of Rajshahi | Central Library, University of Rajshahi | 19/07/1967 | Rajshahi, Prantik | 30.00 | B 891.44092 SHA 1967 | 10/12/2019 | C-4 | Books | |||||||
| Dewey Decimal Classification | Fiction | Central Library, University of Rajshahi | Central Library, University of Rajshahi | 19/07/1967 | Rajshahi, Prantik | 30.00 | B 891.44092 SHA 1967 | 10/12/2019 | C-5 | Books | |||||||
| Dewey Decimal Classification | Fiction | Central Library, University of Rajshahi | Central Library, University of Rajshahi | 19/07/1967 | Rajshahi, Prantik | 30.00 | B 891.44092 SHA 1967 | 10/12/2019 | C-6 | Books | |||||||
| Dewey Decimal Classification | Fiction | Central Library, University of Rajshahi | Central Library, University of Rajshahi | 19/07/1967 | Rajshahi, Prantik | 30.00 | B 891.44092 SHA 1967 | 10/12/2019 | C-7 | Books | |||||||
| Dewey Decimal Classification | Fiction | Central Library, University of Rajshahi | Central Library, University of Rajshahi | 19/07/1967 | Rajshahi, Prantik | B 891.44092 SHA 1967 | 10/12/2019 | C-8 | Books | ||||||||
| Dewey Decimal Classification | Fiction | Central Library, University of Rajshahi | Central Library, University of Rajshahi | 19/07/1967 | Rajshahi, Prantik | B 891.44092 SHA 1967 | 10/12/2019 | C-9 | Books | ||||||||
| Dewey Decimal Classification | Fiction | Central Library, University of Rajshahi | Central Library, University of Rajshahi | 19/07/1967 | Rajshahi, Prantik | 30.00 | B 891.44092 SHA 1967 | 10/12/2019 | C-10 | Books |